000 01324nam a2200421 a 4500
001 74635
003 0
005 20241217151137.0
006 m o d |
007 cr cn|||||||||
008 130619s2004 ag s 000 0 spa d
022 _z5911-6680863
035 _a(MiAaPQ)EBC3157781
035 _a(Au-PeEL)EBL3157781
035 _a(CaPaEBR)ebr10051938
035 _a(OCoLC)928815938
040 _aFlNmELB
_bspa
_cFlNmELB
050 4 _aB1641.G483
_bC691 2004eb
080 _a82-83
082 0 4 _a121/.68
_222
110 1 _aColegio24hs.
245 1 0 _aMáximas conversacionales
_h[recurso electronico]
_cColegio24hs.
260 _a[S.l.] :
_bColegio24hs,
_c[2004?]
300 _a7 p.
533 _aRecurso electrónico. Santa Fe, Arg.: e-libro, 2015. Disponible vía World Wide Web. El acceso puede estar limitado para las bibliotecas afiliadas a e-libro.
650 4 _aLenguas.
650 4 _aSemántica.
650 4 _aLingüística.
650 4 _aPrecepción.
650 0 _aAnalysis (Philosophy)
650 0 _aLanguage and languages
_xPhilosophy.
650 0 _aSemantics (Philosophy)
650 0 _aPerception (Philosophy)
655 4 _aLibros electrónicos.
710 2 _ae-libro, Corp.
856 4 0 _uhttps://elibro.net/ereader/politecnicointernacional/27108
942 _cLIBROS
999 _c74635
_d74635